El legado del positivismo lógico / (Record no. 62242)

MARC details
000 -LEADER
campo de control de longitud fija 00802nam a2200241 i 4500
001 - NÚMERO DE CONTROL
campo de control 62242
003 - IDENTIFICADOR DE NÚMERO DE CONTROL
campo de control ES-MaACL
005 - FECHA Y HORA DE LA ÚLTIMA TRANSACCIÓN
campo de control 20230906164631.0
007 - CAMPO FIJO DE DESCRIPCIÓN FÍSICA--INFORMACIÓN GENERAL
campo de control de longitud fija t|
008 - DATOS DE LONGITUD FIJA--INFORMACIÓN GENERAL
campo de control de longitud fija 031119s1981 sp ||||1| spa d
100 1# - ENTRADA PRINCIPAL--NOMBRE DE PERSONA
Nombre de persona Feigl, Herbert.
9 (RLIN) 49102
245 13 - MENCIÓN DEL TÍTULO
Título El legado del positivismo lógico /
Mención de responsabilidad, etc. Herbert Feigl, Stephen E. Toulmin ; traducción de Antonio V. Cabo Martí y Javier García Raffi.
260 ## - PUBLICACIÓN, DISTRIBUCIÓN, ETC.
Lugar de publicación, distribución, etc. [Valencia] :
Nombre del editor, distribuidor, etc. Revista Teorema,
Fecha de publicación, distribución, etc. 1981.
300 ## - DESCRIPCIÓN FÍSICA
Extensión 78 p. ;
Dimensiones 19 cm.
490 1# - MENCIÓN DE SERIE
Mención de serie Cuadernos Teorema ;
Designación de volumen o secuencia 29
700 1# - ENTRADA AGREGADA--NOMBRE PERSONAL
Nombre de persona Toulmin, Stephen Edelston.
9 (RLIN) 111127
700 1# - ENTRADA AGREGADA--NOMBRE PERSONAL
Nombre de persona Cabo Martí, Antonio V.
9 (RLIN) 33236
700 1# - ENTRADA AGREGADA--NOMBRE PERSONAL
Nombre de persona García Raffi, Javier.
9 (RLIN) 55148
830 1# - PUNTO DE ACCESO ADICIONAL DE SERIE-TÍTULO UNIFORME
Título uniforme Cuadernos Teorema ;
Designación de volumen o secuencia 29
9 (RLIN) 180999
852 4# - LOCALIZACIÓN
Ubicación ES-MaACL
Número de control de estantería L-1700
852 4# - LOCALIZACIÓN
Ubicación ES-MaACL
Número de control de estantería L-1702
Holdings
Estatus retirado Estado de pérdida Estado de daño No para préstamo Biblioteca de origen Biblioteca actual Ubicación en estantería Fecha de adquisición Fuente de adquisición Total de préstamos Signatura topográfica completa Código de barras Visto por última vez Precio de reemplazo Tipo de ítem Koha
        Biblioteca del Ateneo de Madrid Biblioteca del Ateneo de Madrid Depósito 2 17/01/2008     L-1702 1065252 23/02/2023 23/02/2023 Libro impreso
        Biblioteca del Ateneo de Madrid Biblioteca del Ateneo de Madrid Depósito 2 17/01/2008     L-1700 1065251 23/02/2023 23/02/2023 Libro impreso